00932nam a22001697a 4500008004100000020001500041050001500056100002000071245004900091250000900140260003200149300003000181500005300211505046800264650001600732650001400748120125t xxu||||| |||| 00| 0 eng d a1861525494 aHD30.4.J25 aJankowicz, A.D. aBusiness research projects cA.D. Jankowicz. a3rd  aAustralia:bThomson;c2000. axiv, 354 p.:bill,c24cm. aIncludes: bibliographical references and index.  aContents: Introduction -- The Purpose and objectives of a project -- Choosing a topic -- Standards of assessment -- Getting organised for take-off -- Key issues in the depth: What is research anyway? The Role you're in -- Reviewing and using the literature -- A Guide to empirical work: Planning empirical work -- Methods and techniques -- Semi- structured, open- ended techniques -- Fully structured techniques -- Further techniques -- Writing it up -- Glossary. aManagement. aResearch.